| 000 | 00562nam a22001817a 4500 | ||
|---|---|---|---|
| 999 |
_c526755 _d526755 |
||
| 003 | NUST | ||
| 020 | _qHBK | ||
| 038 | _aFaiza | ||
| 082 |
_a891.423 _bTUN |
||
| 100 |
_aTunisavi, Tahir _917752 |
||
| 245 |
_aSaraiki adab : Reet ty Riwayat / _cTahir Tunisavi |
||
| 260 |
_aMultan : _bSaraiki adabi board, _c2010. |
||
| 300 | _a304 p. ; | ||
| 880 |
_6100-01\r _aطاہر تونسوی |
||
| 880 |
_6245-02\r _aسرائیکی ادب : رِیت تے روایت / |
||
| 880 |
_6260-03\r _aملتان : _bسرائیکی ادبی بورڈ, _c۲۰۱۰. |
||
| 942 |
_2ddc _cBK |
||